| 000 | 00654nam a2200181 i 4500 | ||
|---|---|---|---|
| 001 | 165131 | ||
| 003 | SpMaBN | ||
| 005 | 20250708063331.0 | ||
| 008 | 180802q1946 sp |||| | spa d | ||
| 080 | _a84-311.6"18" | ||
| 100 | 0 |
_aVigny, Alfred de, _d1797-1863 _9114659 |
|
| 245 | 1 | 0 |
_aStello / _cAlfredo de Vigny ; traducción de J.Z. Barragán ; prólogo de Manuel Abril. |
| 260 |
_aBarcelona : _bMaucci, _c[ca. 1946] |
||
| 300 |
_a309 p. ; _c21 cm. |
||
| 700 | 1 |
_aAbril, Manuel, _d1884-1943 _9165312 |
|
| 852 |
_aES-MaACL _jL-32199 _z- Enc. tela _z. - Donat. herederos de la bibl. de Mª del Pilar Costa Palacín |
||
| 999 |
_c165131 _d165131 |
||